| 000 | 00515nam a22001937a 4500 | ||
|---|---|---|---|
| 003 | CEME | ||
| 005 | 20210628202008.0 | ||
| 008 | 210222b xxu||||| |||| 00| 0 eng d | ||
| 020 | _a0-07-025389-7 | ||
| 040 | _c. | ||
| 082 | _a621.3825 HAT | ||
| 100 |
_aHa, Tri.T _957776 |
||
| 245 | _aDigital satellite communications | ||
| 250 | _a2ND | ||
| 260 |
_aNEW YORK _bMCGRAW HILL _c1990 |
||
| 300 | _aXXV,641P | ||
| 650 |
_aARTIFICAL STELLITES IN TELECOMMUNICATION DIGITAL COMMUNICATIONS _957777 |
||
| 942 |
_cBK _2ddc |
||
| 999 |
_c568033 _d568033 |
||